[Event "Paraguay Gran Prix U2300 08"]
[Site "Paraguay"]
[Date "2013.08.28"]
[Round "8.8"]
[White "Salcedo, Carlos"]
[Black "Da Fonseca, Jorge"]
[Result "0-1"]
[WhiteElo "1752"]
[BlackElo "1953"]
[PlyCount "100"]
[EventDate "2013.08.07"]
[EventType "swiss"]
[EventRounds "9"]
[EventCountry "ARG"]
[SourceTitle "EXT 2024"]
[Source "ChessBase"]
[SourceDate "2023.10.10"]
[SourceVersion "1"]
[SourceVersionDate "2023.10.10"]
[SourceQuality "1"]

1. e4 e6 2. d4 d5 3. Nd2 Nf6 4. e5 Nfd7 5. Bd3 c5 6. c3 Nc6 7. Ngf3 Be7 8. 0-0 g5 9. Bb5 a6 10. Bxc6 bxc6 11. Qa4 Qb6 12. Nb3 h6 13. dxc5 Nxc5 14. Nxc5 Bxc5 15. b4 Be7 16. Be3 Qb5 17. Qc2 Bb7 18. Rfd1 a5 19. bxa5 c5 20. Rdb1 Qd7 21. Qb3 Ba6 22. h3 0-0 23. Qd1 Bb5 24. Nh2 Kg7 25. h4 Rh8 26. h5 Rxa5 27. Ng4 Ra4 28. Qf3 Bd3 29. Nf6 Qc7 30. Rd1 Be4 31. Nxe4 Rxe4 32. Rab1 Rb8 33. Rxb8 Qxb8 34. Qe2 Qxe5 35. Qb2 Rc4 36. Qb7 Bf6 37. Qb5 Qxc3 38. a4 Qc2 39. Rc1 Qxa4 40. Qxa4 Rxa4 41. Bxc5 Rc4 42. Be3 Rxc1+ 43. Bxc1 Bc3 44. Kf1 f5 45. f3 e5 46. Ke2 d4 47. f4 Kf6 48. g3 e4 49. Ba3 d3+ 50. Kd1 e3 0-1

[Event "Paraguay Gran Prix U2300 08"]
[Site "Paraguay"]
[Date "2013.08.07"]
[Round "1.9"]
[White "Da Fonseca, Jorge"]
[Black "Kopylov, Andres"]
[Result "1/2-1/2"]
[WhiteElo "1953"]
[BlackElo "1643"]
[PlyCount "80"]
[EventDate "2013.08.07"]
[EventType "swiss"]
[EventRounds "9"]
[EventCountry "ARG"]
[SourceTitle "EXT 2024"]
[Source "ChessBase"]
[SourceDate "2023.10.10"]
[SourceVersion "1"]
[SourceVersionDate "2023.10.10"]
[SourceQuality "1"]

1. d4 f5 2. Bg5 h6 3. Bf4 Nf6 4. e3 e6 5. c4 d5 6. Nc3 c6 7. Be2 Bd6 8. Bh5+ Ke7 9. Bxd6+ Qxd6 10. c5 Qd8 11. f4 Bd7 12. Be2 Be8 13. Nf3 Nbd7 14. Ne5 Nxe5 15. fxe5 Ne4 16. Nxe4 dxe4 17. 0-0 Kd7 18. Bc4 Qe7 19. b4 b5 20. Be2 Bf7 21. a4 a6 22. axb5 axb5 23. Qb3 Kc7 24. Ra2 g5 25. Rfa1 Kb7 26. Ra5 Rxa5 27. Rxa5 Ra8 28. Rxa8 Kxa8 29. Qa3+ Kb7 30. Kf2 Qd8 31. Bd1 Qa8 32. Qxa8+ Kxa8 33. Kg3 Kb7 34. h4 g4 35. Kf4 Kc7 36. Bxg4 fxg4 37. Kxe4 Kd7 38. Kf4 Bh5 39. e4 Ke7 40. g3 Kd7 1/2-1/2